Méthodes et modèles de la recherche opérationnelle : les mathématiques de l'entreprise /

Guardado en:
Autor Principal: Kaufmann, A. 1911-
Otros Autores: A.-Brunet, André.
Formato: Libro
Idioma:French
Publicado: Paris : Dunod, 1962.
Series:L'économie d'enterprise ; 7
Etiquetas: Agregar Etiqueta
Sin Etiquetas, Sea el primero en etiquetar este registro!
LEADER 00662nam a22001815a 4500
001 MAT.inmabb001344
008 031122s1962####fr############000#0#fre#d
005 20170815154834.0
245 1 0 |a Méthodes et modèles de la recherche opérationnelle :  |b les mathématiques de l'entreprise /  |c par A. Kaufmann ; introduction de André A.-Brunet. 
260 |a Paris :  |b Dunod,  |c 1962. 
300 |a xxii, 534 p. ;  |c 23 cm. 
440 2 |a L'économie d'enterprise ;  |v 7 
505 0 |a T. 1, nouveau tirage. 
510 4 |a MR,  |c 34 #2332a 
100 1 |a Kaufmann, A.  |q (Arnold),  |d 1911- 
700 1 |a A.-Brunet, André. 
084 |a 90.30  |2 MR 
859 |h 90  |i K21m  |p A-1597  |v 1  |3 Tomo I  |b BIB. MATEMATICA